00458nam a2200217Ia 450000500170000000800460001702000140006303700070007704000080008404000080009204000080010004100080010804100080011608400140012408400080013824500480014626000100019426000180020426000090022230000090023120260401122143.0008 250103s9999 xx 000 0 eng d a143027751 aTB aEDL beng cEDL 2eng aeng aIn823 ALT qEDL 0aPenguin book of Modern Indian Short Stories aIndia bPenguin Books c2001 a345p